000
00262nam a22001217a 4500
082
_a
620.112 TIM
100
_a
TIMOSHENKO.S
_9
35958
245
_a
ELEMENTS OF STRENGTH OF MATERIALS
250
_a
4TH
260
_a
PDF
_b
PDF
_c
1962
300
_a
380P
942
_c
BK
999
_c
579379
_d
579379